000 01010nam a2200277 i 4500
003 DO-SdBNP
005 20250127141402.0
007 ta
008 240905b2001 dr a|||| |||| 00| 0 spa d
020 _a9993429201
040 _aDO-SdBNP
_bspa
_cBNPHU
_erda
082 4 _axxx
_bC697i
_222
100 _aCollado, Yelidá,
_eautor
_4aut.
_986526
245 1 3 _aLa impresionante vida de un seductor Porfirio Rubirosa :
_bde cómo un dominicano se convirtió en chulo del jet set internacional/
_cLipe Collado
264 4 _aSanto Domingo :
_bEditora Collado,
_c©2001.
300 _a351 páginas :
_bilustraciones ;
_c23 cm.
336 _atexto
_btxt
_2rdacontent
337 _asin mediación
_bn
_2rdamedia
338 _avolumen
_bnc
_2rdacarrier
500 _aIncluye referencias bibliográficas y notas al pie de las paginas
500 _aIncluye índice onomástico
500 _aIncluye datos biográficos del autor en las solapas
590 _aInventariado, 2024/BT
910 _aBtavárez
942 _2ddc
_cLBS1
999 _c57633
_d57633